[Event "Alfredo Pollio Memorial"]
[Site "Buenos Aires"]
[Date "2009.03.22"]
[Round "8"]
[White "Wald, Gabriel"]
[Black "Segovia, Luis"]
[Result "0-1"]
[WhiteElo "1996"]
[BlackElo "1928"]
[PlyCount "66"]
[EventDate "2009.03.14"]
[EventType "tourn"]
[EventRounds "9"]
[EventCountry "ARG"]
[SourceTitle "CBM 129 Extra"]
[Source "ChessBase"]
[SourceDate "2009.05.05"]
[SourceVersion "2"]
[SourceVersionDate "2009.05.20"]
[SourceQuality "1"]

1. Nf3 d5 2. d4 Nf6 3. Bf4 Bf5 4. e3 e6 5. Ne5 Be7 6. g4 Bg6 7. h4 h6 8. Nxg6 fxg6 9. Bd3 Ne4 10. Qf3 g5 11. hxg5 Nxg5 12. Bg6+ Kd7 13. Bxg5 Bxg5 14. Qf7+ Qe7 15. f4 Qxf7 16. Bxf7 Be7 17. g5 Nc6 18. gxh6 gxh6 19. Kf2 Raf8 20. Bg6 e5 21. dxe5 Nxe5 22. Bd3 Nxd3+ 23. cxd3 d4 24. Nd2 Bc5 25. Nc4 dxe3+ 26. Nxe3 Rxf4+ 27. Ke2 Re8 28. Rh3 Rf6 29. Rg1 Rfe6 30. Rgg3 Rxe3+ 31. Rxe3 Rxe3+ 32. Rxe3 Bxe3 33. Kxe3 Kd6 0-1

[Event "Alfredo Pollio Memorial"]
[Site "Buenos Aires"]
[Date "2009.03.15"]
[Round "2"]
[White "Segovia, Luis"]
[Black "Garavagno, Martin"]
[Result "1-0"]
[WhiteElo "1928"]
[BlackElo "1781"]
[PlyCount "97"]
[EventDate "2009.03.14"]
[EventType "tourn"]
[EventRounds "9"]
[EventCountry "ARG"]
[SourceTitle "CBM 129 Extra"]
[Source "ChessBase"]
[SourceDate "2009.05.05"]
[SourceVersion "2"]
[SourceVersionDate "2009.05.20"]
[SourceQuality "1"]

1. f4 b6 2. e4 Bb7 3. Nc3 Nc6 4. Bc4 g6 5. Nf3 Bg7 6. d3 e6 7. 0-0 Na5 8. Bb3 Nxb3 9. axb3 Ne7 10. Qe1 0-0 11. Qh4 Nc6 12. Ng5 h6 13. f5 Ne5 14. f6 Bxf6 15. Qxh6 Bxg5 16. Bxg5 Ng4 17. Qh4 f6 18. Qxg4 fxg5 19. Rxf8+ Kxf8 20. Rf1+ Kg7 21. Qf3 Qe7 22. d4 Ba6 23. Rf2 Rf8 24. Qxf8+ Qxf8 25. Rxf8 Kxf8 26. Kf2 Ke7 27. Kf3 Kf6 28. e5+ Kg7 29. Kg4 Bf1 30. g3 a6 31. Kxg5 Bg2 32. g4 b5 33. b4 d6 34. h4 dxe5 35. dxe5 Bf3 36. h5 gxh5 37. gxh5 c6 38. h6+ Kh7 39. b3 Bg2 40. Ne2 Be4 41. Nd4 Bd5 42. c4 bxc4 43. bxc4 Bxc4 44. Nxc6 Bd3 45. Nd8 Bf5 46. Kf6 Kxh6 47. Nxe6 Bd3 48. Nc7 Kh7 49. e6 1-0

[Event "Alfredo Pollio Memorial"]
[Site "Buenos Aires"]
[Date "2009.03.14"]
[Round "1"]
[White "Gerola, Pablo"]
[Black "Segovia, Luis"]
[Result "1/2-1/2"]
[WhiteElo "2009"]
[BlackElo "1928"]
[PlyCount "95"]
[EventDate "2009.03.14"]
[EventType "tourn"]
[EventRounds "9"]
[EventCountry "ARG"]
[SourceTitle "CBM 129 Extra"]
[Source "ChessBase"]
[SourceDate "2009.05.05"]
[SourceVersion "2"]
[SourceVersionDate "2009.05.20"]
[SourceQuality "1"]

1. d4 d5 2. Nf3 Nf6 3. Bf4 Bf5 4. e3 e6 5. Bd3 Bxd3 6. cxd3 c5 7. dxc5 Bxc5 8. 0-0 0-0 9. d4 Be7 10. Qb3 b6 11. Nbd2 Nc6 12. Ne5 Nxe5 13. Bxe5 Qd7 14. Rfc1 Rfc8 15. a4 Rc6 16. Bxf6 gxf6 17. g3 Rac8 18. Rd1 Qd6 19. a5 Rc2 20. Nf3 bxa5 21. Rxa5 Qc7 22. Qa4 Rxb2 23. Rxa7 Qd6 24. Ra8 Qc7 25. Rxc8+ Qxc8 26. Ra1 Kg7 27. Qd1 Qc2 28. Qxc2 Rxc2 29. Ne1 Rd2 30. Nf3 Re2 31. Ra4 Bd6 32. Kg2 Rb2 33. Ra6 Bc7 34. Ra7 Bd6 35. h4 Bb8 36. Rd7 Kf8 37. Rd8+ Kg7 38. g4 Ba7 39. Rd7 Bb8 40. g5 Rc2 41. gxf6+ Kxf6 42. Ng5 Rc7 43. Rxc7 Bxc7 44. Nxh7+ Kf5 45. Ng5 f6 46. Nh7 Bd6 47. h5 Be7 48. f3 1/2-1/2